000 00541 a2200181 4500
003 Nust
005 20170207153448.0
040 _cNust
082 _a005.1
100 _aSuleman, NC Sabahat BESE-10
245 _aHelicopter stablization system for hover (Hard / Soft-copy)
_cNC Sabahat Suleman, NC Fatima Rahim and Lt Cdr Zeeshan Kareem BESE-10
260 _bMCS
_c2008
300 _axv, 84 p.
505 _rNC Fatima Rahim and Lt Cdr Zeeshan Kareem
538 _aAlmirah No 71 Shelf No 5
650 _aUG Projects
651 _aUG CS Projects
942 _cTHS
999 _c186748
_d186748